Word Ladder: Long And Winding Ladder Quiz Stats

 Plays Quiz Updated Sep 30, 2013

Support Sporcle.
Go Orange.
Score 0/50 Timer 04:00
2 Plays Today
Hint Word % Correct
Jackman, Grant, or Laurie, e.g.HUGH
95.7%
EmbracesHUGS
95.5%
Use a horse or a bicycleRIDE
93%
Adjust a pianoTUNE
92.2%
Busy harbor boatsTUGS
89.5%
Arrange into categoriesSORT
85.4%
AchingSORE
82.9%
Michelin, Goodyear, or PirelliTIRE
82.2%
ⓞ TWELVE O CLOCK ____ⓞ HIGH ⓞ
82%
Piggy bank openingSLOT
81.5%
Rock and ____ROLL
81.3%
Smokestack accumulationSOOT
81.1%
Old wine casksTUNS
80.4%
Lakers, Nets, or Sixers, e.g.TEAM
80.1%
ⓞ SLAY ⓞⓞ KILL ⓞ
79.8%
ⓞ FLANK ⓞⓞ SIDE ⓞ
79.5%
Lord or masterSIRE
78.8%
BoorishRUDE
78.5%
'Double dog ____'DARE
78.2%
Scotty's skirtKILT
77.9%
Let slip from your handsDROP
77.9%
ⓞ Stumble ⓞⓞ TRIP ⓞ
76.7%
SnareTRAP
76.3%
GlyphRUNE
76.1%
Actor's bitROLE
76.1%
Hint Word % Correct
TrolleyTRAM
73.4%
Chip's chipmunk friendDALE
73.4%
ⓞ BELLS DO THIS ⓞⓞ TOLL ⓞ
73.3%
Pub projectileDART
73.1%
Stage gadgetPROP
72.9%
Pickling herbDILL
72.7%
Cash registerTILL
72.1%
'A ____ boat to China'SLOW
71.5%
Damp dude?DRIP
70.3%
Nanny or billy, e.g.GOAT
69.4%
ⓞ NITTY GRITTY ____ BAND ⓞⓞ DIRT ⓞ
68.7%
Knopfler's StraitsDIRE
68.1%
ⓞ BREAK GROUND FOR CROPS ⓞⓞ PLOW ⓞ
67.5%
Embedded spyMOLE
66.8%
Shed feathersMOLT
66.8%
Raced through somethingTORE
66%
JoustTILT
65.6%
Actor RipTORN
64.4%
Defensive ditchMOAT
62.4%
Front end of a shipPROW
61.7%
Mountain sheepDALL
61.5%
Prod into actionGOAD
59.4%
Relative of a gullTERN
57.2%
IdiomTERM
54.3%
ⓞ COMMON BOND ⓞⓞ ROAD ⓞ
33.9%

Today's Daily Dose

Quick Pick
Nissan Models

Get the Picture
Amazing Trees

From the Vault

'The' Movie Posters

by babymonkee

Movies 4m
Shout out to the only definite article in English.
Remove Ads.
Support Sporcle.
Get the best of Sporcle when you Go Orange. This ad-free experience offers more features, more stats, and more fun while also helping to support Sporcle. Thank you for becoming a member.

Show Comments

Extras

Top Quizzes Today


Score Distribution

Your Account Isn't Verified!

In order to create a playlist on Sporcle, you need to verify the email address you used during registration. Go to your Sporcle Settings to finish the process.

Report this User

Report this user for behavior that violates our Community Guidelines.

Details: